000 00973caa a22002417a 4500
999 _c407490
_d407490
001 121375
003 UA-OsUOA
005 20200323145851.0
007 ta
008 20170320b un ||||| |||| 00| 0 ukr d
040 _aUA-OsUOA
_bukr
_cUA-OsUOA
_dUA-OsUOA
041 _aukr
080 _a908
090 _a908
_bГ83
100 _aГригоренко О.
245 _aМіста Острог-Полонне-Старокостянтинів-Острополь в системі володінь князів Острозьких
_cО. Григоренко
300 _aС. 174–177
650 7 _a908 Краєзнавство
_2UDC
773 0 _0364752
_9388230
_dОстрог 2000
_o72223
_tМатеріали VІІ-ІХ острозької конференції "Острог на порозі 900-річчя" 1996-1998 роки
_w(UA-OsUOA) 78437
942 _cBKA
_2udc
955 _a1